Radrigán
-д хадгалсан:
| Үндсэн зохиолч: | |
|---|---|
| Формат: | Ном |
| Хэл сонгох: | испани |
| Хэвлэсэн: |
Santiago
Universidad Católica de Chile
2008
|
| Хэвлэл: | 1a. ed |
| Цуврал: | Ensayos Críticos Dramaturgia
|
| Нөхцлүүд: | |
| Шошгууд: |
Шошго нэмэх
Шошго байхгүй, Энэхүү баримтыг шошголох эхний хүн болох!
|
MARC
| LEADER | 00000nam a2200000 a 4500 | ||
|---|---|---|---|
| 001 | UCI7553 | ||
| 003 | CL-VaPUC | ||
| 008 | 080710e20080000CL |||||||||||||||||spa|d | ||
| 020 | |a 9789561410015 | ||
| 082 | 0 | 4 | |a Ch862.9 |b OYA |2 21 |
| 100 | |a Oyarzún, Carola |e autora |9 530823 | ||
| 245 | 1 | 0 | |a Radrigán |
| 250 | |a 1a. ed | ||
| 300 | |a 209 p | ||
| 942 | |c BK | ||
| 945 | |d 20080710 00:00:00 |a rbrito | ||
| 260 | |a Santiago |b Universidad Católica de Chile |c 2008 | ||
| 600 | 0 | 7 | |a RADRIGAN, JUAN |2 CL-VaPUC |9 473352 |
| 650 | 0 | |a Teatro chileno |9 266701 | |
| 650 | 0 | |a Dramas chilenos |9 313819 | |
| 650 | 0 | |a Crítica literaria |9 269189 | |
| 650 | 0 | |a Historia y crítica |9 257407 | |
| 583 | |a last modification |c 20080710 00:00:00 |k Rodrigo Vera | ||
| 490 | 0 | |a Ensayos Críticos Dramaturgia | |
| 999 | |c 330798 |d 330796 | ||
| 952 | |0 0 |1 0 |4 0 |6 CH_862_900000000000000_OYA_2008 |7 0 |8 A |9 416614 |a BIBEDU |b BIBEDU |d 2019-11-22 |i 4456483 |o Ch862.9 OYA 2008 |p 4456483 |r 2019-11-22 |w 2019-11-22 |y BK |k LIT | ||